000 00938nam a2200289Ia 4500
003 OSt
005 20221005040017.0
006 a|||||r|||| 00| 0
007 ta
008 221004b |||||||| |||| 00| 0 eng d
020 _a9789385957307 (hbk)
_cINR 1795.00
024 _a43037
037 _bT-IN3881, 22/02/2019, Orange Books International
_cTextual
040 _aCRL
_cCRL
_beng
041 _2eng
_aeng
082 _aY:492.49G, Q8
100 _aChatterjee Indrani Ed.
_9474256
245 0 _aSlavery and South Asian history
260 _aDelhi
_bMeena Book Publications India
_c2018
300 _axx,344p.
_ccm.
650 _a SLAVERY
_9170748
650 _a SOUTH AFRICA - HISTORY
650 _aHISTORY
700 _a Eaton Richard M. Ed.
942 _hY:492.49G, Q8
_cTEXL
_2cc
999 _c946225
_d946225